লোডিং...

Handy medical guide for seafarers

গ্রন্থ-পঞ্জীর বিবরন
প্রধান লেখক: Scott, R W
বিন্যাস: Printed Book
ভাষা:English
প্রকাশিত: London Fishing news 1969
বিষয়গুলি:
LEADER 00476nam a2200157 a 4500
005 20151028162143.0
008 960221s1955 dcuabcdjdbkoqu001 0deng d
003 ViArRB
082 |a 614.8802  |b K9 
100 |a Scott, R W  |9 22920 
245 |a Handy medical guide for seafarers 
653 |a   
942 |c BK  |6 _ 
260 |a London  |b Fishing news  |c 1969 
999 |c 76217  |d 76217 
952 |0 0  |1 0  |2 ddc  |4 0  |6 6148802_K9  |7 0  |9 88957  |a SOS  |b SOS  |d 2009-09-22  |o 614.8802 K9  |p IF000795  |r 2013-06-14  |w 2009-07-13  |y BK